Les Simpson - S04E03 : Homer l'hérétique - Statistiques

Statistiques générales
  • Ce quiz a été pris 14 fois
  • Le résultat moyen est 5 sur 10
Statistiques - réponses
Question Réponse % Correct
Quelle température fait-il selon la météo annoncée à la radio ? -11°C
100%
Qui conduit le camion de pompier ? Apu
100%
Qui s'occupe de dégivrer la porte de l'église ? Willie
100%
Homer appelle son boulot pour dire qu'il ne viendra pas le lendemain car : il s'agit d'une fête religieuse
50%
Qui est assis sur le canapé avec Homer pendant qu'il regarde la télévision ? le chat
50%
Lorsque les pompiers volontaires se rendent chez les Simpson, qui est la seule femme de l'équipe ? Luann Van Houten
50%
Qui se rend compte que la porte de l'église est condamnée par le gel, obligeant les habitants à rester à l'église plus longtemps ? Ned
50%
Lorsqu'Homer demande le sens de la vie à Dieu, celui-ci lui répond d'attendre qu'il meurt pour savoir, ce qui va arriver d'après Dieu dans : 6 mois
0%
Que n'y a-t-il pas dans la gaufre qu'Homer se prépare ? du bacon
0%
Quand Flanders course Homer en voiture pour le reconvertir, Homer arrive à le semer de quelle manière ? en sautant sur un bateau au bout d'un quai
0%
Aucun quiz correspondant
Distribution des résultats
% des personnes avec chaque résultat
Percentile par nombre de réponses
Votre historique - résultats
Vous n’avez pas pris ce quiz